El esperanto: fenómeno de la comunicación

Salvato in:
Dettagli Bibliografici
Autore principale: Auld, William
Natura: Libro
Lingua:Undetermined
Pubblicazione: Madrid, España Universal Esperanto 1993
Soggetti:
Tags: Aggiungi Tag
Nessun Tag, puoi essere il primo ad aggiungerne!!

MARC

LEADER 00000nam a2200000Ia 4500
008 170316s9999 xx 000 0 und d
040 |a cru BVZT 
090 |a 410 A-22e 
100 |a Auld, William 
245 |a El esperanto: fenómeno de la comunicación 
260 |a Madrid, España 
260 |b Universal Esperanto 
260 |c 1993 
300 |a 125 páginas 
650 0 |a LINGÜÍSTICA  |9 55 
999 |c 18199  |d 18199 
942 |c LIB  |h 410 A-22e  |2 z